000 00427nam a22001457a 4500
005 20150611112237.0
008 150611b xxu||||| |||| 00| 0 eng d
037 _bDBAD / PUB
245 _aNBT newsletter
260 _aNew Delhi
_bNational Book Trust
300 _av.
_c27cm
310 _aMonthly
270 _aNehru Bhavan,5 Institutional Area,Vasant Kunj,Phase II,
_bNew Delhi
_e110070
_dIndia
942 _adpl
_cSR
_2ddc
_mNBT
_s1
999 _c94214
_d94214